Music Quiz

Random Music or The Beatles Quiz

The Beatles or Queen? Quiz Stats

 Plays Quiz Updated Jan 28, 2019

     
Support Sporcle.
Go Orange.
Score 0/24 Timer 02:00
9 Plays Today
Song The Beatles (B) or Queen (Q) % Correct
She Loves You???
96.9%
Hey Jude???
96.4%
Another One Bites The Dust???
96.4%
We Will Rock You???
96%
Bohemian Rhapsody???
95.2%
Let It Be???
95.2%
Come Together???
95.1%
I Want To Hold Your Hand???
95%
Radio Ga Ga???
94.1%
Yellow Submarine???
93.9%
Penny Lane???
93.9%
Yesterday???
93.8%
Song The Beatles (B) or Queen (Q) % Correct
We Are The Champions???
93.4%
Help!???
92.8%
I Want to Break Free???
92.3%
Hello Goodbye???
92.3%
Don't Stop Me Now???
92.2%
All You Need Is Love???
91.7%
Bicycle Race???
89%
The Show Must Go On???
88.9%
Something???
86.8%
Crazy Little Thing Called Love???
86.3%
Somebody to Love???
85.5%
You're My Best Friend???
82.7%

From the Vault

Inventors & Discoverers: Image Multiple Choice

by senordingdong

History 5m
Now you can discover how much you know about discoverers. Making you a self-discoverer.
Remove Ads.
Support Sporcle.
Get the best of Sporcle when you Go Orange. This ad-free experience offers more features, more stats, and more fun while also helping to support Sporcle. Thank you for becoming a member.

Show Comments

Extras

Top Quizzes Today


Score Distribution

Your Account Isn't Verified!

In order to create a playlist on Sporcle, you need to verify the email address you used during registration. Go to your Sporcle Settings to finish the process.

Report this User

Report this user for behavior that violates our Community Guidelines.

Details: